| 000 | 00940nam a2200277Ia 4500 | ||
|---|---|---|---|
| 001 | Para_2844 | ||
| 003 | CHAP | ||
| 008 | 220125s1988 xx 000 0 und d | ||
| 010 | _a201340 | ||
| 040 | _cCHAP | ||
| 090 | _aPA TESIS 469 | ||
| 100 |
_aColunga García, Manuel _925490 |
||
| 245 |
_aFactores naturales de mortalidad de Epilachna varivestis Mulsant en el cultivo del frijol / _c por Manuel Colunga García |
||
| 260 |
_aChapingo, Méx. : _b El autor |
||
| 300 | _a45 h. | ||
| 502 | _aTesis (M.C. Esp. en Entomología) -- C.P. Centro de Entomología y Acarología | ||
| 650 |
_aEpilachna varivestis Frijol _x Plagas _9166242 |
||
| 710 |
_aColegio de Postgraduados. Chapingo, Méx. Centro de Entomología y Acarología _925077 |
||
| 901 | _aPA TESIS 469 | ||
| 902 | _aA | ||
| 905 | _a0000001988 CHA 0000000000 00 | ||
| 910 | _a1988 | ||
| 942 | _cPARA | ||
| 942 |
_cPARA _d1 |
||
| 999 |
_c201340 _d201340 |
||